000 00644nam a2200217Ia 4500
005 20250923145634.0
008 008 250917s9999 xx 000 0 eng d
037 _aTextual
040 _aDSWL
_beng
_cDSWL
041 _aeng
_2eng
084 _aZ,131:(U42), N83
_qDSWL
100 _aGray, S.
_9837428
245 4 _aThe Ins and Outs of Immigration and National Law
_c by S. Gray
260 _aLondon
_bNational Association Citizen Advice Bureaus
_c1983
300 _av,306 p.
365 _aGBP
_b4.95
700 _a Lowe
_9837429
925 _g4.95
942 _cTEXL
_hZ,131:(U42), N83
999 _c1453784
_d1453784